Entrada Nombre personal
Número de registros utilizados en: 2
001 - NÚMERO DE CONTROL
003 - IDENTIFICADOR DEL NÚMERO DE CONTROL
- campo de control:
DR-UNIBE
005 - FECHA Y HORA DE LA ÚLTIMA TRANSACCIÓN
- campo de control:
20251120132812.0
008 - DATOS DE LONGITUD FIJA
- campo de control de longitud fija:
251120|| aca||aabn | a|a d
040 ## - FUENTE DE LA CATALOGACIÓN
- Centro catalogador/agencia de origen:
DR-UNIBE
- Centro/agencia transcriptor:
DR-UNIBE
100 ## - ENCABEZAMIENTO-NOMBRE DE PERSONA
- Nombre de persona:
Castro, Aníbal de
- Forma completa/desarrollada del nombre:
(Castro Rodríguez, Aníbal de Jesús de),
- Fechas asociadas al nombre:
1949-
670 ## - FUENTE DE DATOS ENCONTRADOS
- Cita de la fuente:
Work cat.: (DR-UNIBE)27334: Castro, Aníbal de (Castro Rodríguez, Aníbal de Jesús de), 1949- autor, A decir cosas / , 2010